Studies on binary accelerator system in sulfur vulcanization of natural rubber (Record no. 69549)

MARC details
000 -LEADER
fixed length control field 00544nam a2200193Ia 4500
100 ## - MAIN ENTRY--AUTHOR NAME
Personal name Susamma A P
245 #0 - TITLE STATEMENT
Title Studies on binary accelerator system in sulfur vulcanization of natural rubber
260 ## - PUBLICATION, DISTRIBUTION, ETC. (IMPRINT)
Name of publisher Journal of Applied Polymer Science
Year of publication 2001
300 ## - PHYSICAL DESCRIPTION
Number of Pages 8-Jan
500 ## - GENERAL NOTE
General note Source Year: 2001
650 ## - SUBJECT ADDED ENTRY--TOPICAL TERM
Topical Term Binary accelerator system
650 ## - SUBJECT ADDED ENTRY--TOPICAL TERM
Topical Term Sulfur vulcanisation
700 ## - ADDED ENTRY--PERSONAL NAME
Personal name Kuriakose A P
700 ## - ADDED ENTRY--PERSONAL NAME
Personal name Mini E
700 ## - ADDED ENTRY--PERSONAL NAME
Personal name Varghese T
856 ## - ELECTRONIC LOCATION AND ACCESS
Uniform Resource Identifier RAPRA
942 ## - ADDED ENTRY ELEMENTS (KOHA)
Koha item type Journals
Holdings
Withdrawn status Lost status Damaged status Not for loan Home library Current library Shelving location Date acquired Serial Enumeration / chronology Koha item type
      Journals RRII Library RRII Library Rubber chemistry 17/12/2021 Volume 79, Issue 1 Journals